LEADER 03330nam 2200745Ia 450 001 9910782859003321 005 20230721005204.0 010 $a1-281-93782-7 010 $a9786611937829 010 $a92-4-068348-8 035 $a(CKB)1000000000720964 035 $a(EBL)380887 035 $a(OCoLC)503443982 035 $a(SSID)ssj0000107180 035 $a(PQKBManifestationID)11133178 035 $a(PQKBTitleCode)TC0000107180 035 $a(PQKBWorkID)10014154 035 $a(PQKB)10650886 035 $a(MiAaPQ)EBC380887 035 $a(Au-PeEL)EBL380887 035 $a(CaPaEBR)ebr10266348 035 $a(CaONFJC)MIL193782 035 $a(EXLCZ)991000000000720964 100 $a20081106d2008 uf 0 101 0 $aeng 135 $aur|n|---||||| 181 $ctxt 182 $cc 183 $acr 200 00$aAtlas$b[electronic resource] $emultiple sclerosis resources in the world, 2008 210 $aGeneva, Switzerland $cWorld Health Organization$dc2008 215 $a1 online resource (53 p.) 300 $a"Joint report by the World Health Organization and the Multiple Sclerosis International Federation." 300 $a"Tarun Dua and Paul Rompani were responsible for completion of the data collection, data analyses, overall project management and the writing of this report." 311 $a92-4-156375-3 327 $aCOVER; COPYRIGHT; TABLE OF CONTENTS; FOREWORD; PREFACE; ACKNOWLEDGEMENTS; INTRODUCTION; METHODOLOGY; RESULTS BY THEMES; SUMMARY RESULTS; THE WAY FORWARD; LIST OF RESPONDENTS; ANNEX: GLOSSARY 330 $aMultiple sclerosis (MS) is one of the most common neurological disorders and causes of disability in young adults. Although some people with MS experience little disability during their lifetime, up to 60% are no longer fully ambulatory 20 years after onset, with major implications for their quality of life and the financial cost to society. This new publication from the World Health Organization and the Multiple Sclerosis International Federation (MSIF) presents evidence on the global epidemiology of multiple sclerosis and the resources to diagnose, treat, rehabilitate, support and provide se 606 $aMultiple sclerosis$vStatistics 606 $aMultiple sclerosis$vAtlases 606 $aMultiple sclerosis$xEpidemiology 606 $aMultiple sclerosis$xPatients$xServices for 606 $aMultiple sclerosis$xethnology$vAtlases 606 $aMultiple sclerosis$xEpidemiology$vAtlases 606 $aMultiple sclerosis$xClassification$vAtlases 606 $aPeople with disabilities 615 0$aMultiple sclerosis 615 0$aMultiple sclerosis 615 0$aMultiple sclerosis$xEpidemiology. 615 0$aMultiple sclerosis$xPatients$xServices for. 615 0$aMultiple sclerosis$xethnology 615 0$aMultiple sclerosis$xEpidemiology 615 0$aMultiple sclerosis$xClassification 615 0$aPeople with disabilities. 676 $a616.8340021 701 $aDua$b Tarun$01474082 701 $aRompani$b Paul$01474083 712 02$aWorld Health Organization. 712 02$aMultiple Sclerosis International Federation. 801 0$bMiAaPQ 801 1$bMiAaPQ 801 2$bMiAaPQ 906 $aBOOK 912 $a9910782859003321 996 $aAtlas$93687522 997 $aUNINA LEADER 01489nam0 22003373i 450 001 RMS0023027 005 20251003044343.0 010 $a0132198258 010 $a0133648451 100 $a20130404d1994 ||||0itac50 ba 101 | $aeng 102 $aus 181 1$6z01$ai $bxxxe 182 1$6z01$an 200 1 $aComputer-based exercises for signal processing using MATLAB$fC. Sidney Burrus ... [et al.] 210 $aEnglewood Cliffs (N.J.)$cPrentice-Hall$dc1994 215 $aXII, 404 p.$d28 cm. 225 | $aˆThe ‰Matlab curriculum series 410 0$1001AQ10003653$12001 $aˆThe ‰Matlab curriculum series 606 $aElaborazione dei segnali$xImpiego di MATLAB $2FIR$3UFIC058555$9I 676 $a621.382078$9INGEGNERIA DELLE COMUNICAZIONI. Uso di apparecchi e attrezzature nello studio e nell'insegnamento$v14 676 $a621.3822078555$9Elaborazione del segnale. Istruzione assistita dall'elaboratore. Specifici programmi con applicazioni interdisciplinari$v22 700 1$aBurrus$b, C. Sidney$3PUVV028236$4070$022946 801 3$aIT$bIT-000000$c20130404 850 $aIT-BN0095 901 $bNAP 01$cSALA DING $n$ 912 $aRMS0023027 950 0$aBiblioteca Centralizzata di Ateneo$c1 v.$d 01SALA DING 621.382078 COMBEF$e 0102 0000025835 VMA A4 1 v.$fY $h19960410$i20130404 977 $a 01 996 $aComputer-based exercises for signal processing using MATLAB$9911162 997 $aUNISANNIO